000 02226cam a22004934i 4500
003 PE-LiUPU
005 20250731180113.0
008 150623s1973 ck a r 000 0 sp d
035 _a(Sirsi) a24166
040 _aPE-LiUPU
_bspa
_cPE-LiUPU
_erda
082 0 4 _a515.35
_bA94
_221
100 1 _aAyres, Frank,
_eautor.
245 1 0 _aTeoría y problemas de ecuaciones diferenciales /
_cFrank Ayres.
264 1 _aCali, Colombia :
_bTalleres Gráficos de Carvajal,
_c1973.
300 _a293 páginas :
_bilustraciones, gráficos, cuadros ;
_c26 cm.
336 _atext
_2rdacontent
337 _aunmediated
_2rdamedia
338 _avolume
_2rdacarrier
490 0 _aSerie de Compendios Schaum
505 0 _aOrigen de las ecuaciones difenernciales. - Solución de las ecuaciones diferenciales. -Ecuaciones de primer orden y primer grado. -Ecuaciones de primer orden y primer grado, separación de variables y reducción a separación de variables. -Aplicaciones geometricas. -Aplicaciones físicas. -Ecuaciones de primer orden y grado superior. -Soluciones singulares. -Ecuaciones lineales de orden n. -ecuaciones lineales homogeneas con coeficientes constantes. -Ecuaciones lineales con coeficientes variables. Las ecuaciones lineales de Cauchy y Legendre. -Integración por series.- ecuaciones de segundo orden entre derivadas parciales con coeficientes variables.
526 _aSEG44
526 _aSEG26
526 _aP159
526 _aP155
526 _aP154
526 _aP153
526 _aP150
526 _aP100
526 _aP31
526 _aP30
526 _aP26
526 _aP25
526 _aP24
526 _aP22
526 _aP15
526 _aP10
650 0 4 _aEcuaciones diferenciales
_vProblemas.
650 0 4 _aCálculo diferencial
_vProblemas.
942 _2ddc
_cBOOK
949 _a515.35 A94
_wDEWEY
_c1
_i48432
_lCCODEBUL1
_mBUL
_p00.00
_r0
_sY
_tBOOK
_u2015-06-24
_xINGENIERIA
_zUNKNOWN
_0COMPRA
_o.STAFF. Colección General
596 _a1
999 _a515.35 A94
_wDEWEY
_c27240
_i48432
_d27240
_e2018-4-29
_f2021-11-9
_g7
_lCCODEBUL1
_mBUL
_n5
_p30.00
_r0
_sY
_tBOOK
_u2015-6-24
_xINGENIERIA
_zUNKNOWN
_0COMPRA
_o.STAFF. Colección General
980 _81
_gALBERTO SANCHEZ Responsable de Automatización